Fr. Conceicao Rodrigues College of Engineering

Principles of thyristorised converters (Record no. 26336)

MARC details
000 -LEADER
fixed length control field 00294nam a2200133Ia 4500
082 ## - DEWEY DECIMAL CLASSIFICATION NUMBER
Classification number 621.3815
Item number DE
100 ## - MAIN ENTRY--PERSONAL NAME
Personal name De/G
245 ## - TITLE STATEMENT
Title Principles of thyristorised converters
260 ## - PUBLICATION, DISTRIBUTION, ETC.
Name of publisher, distributor, etc. Oxford
Place of publication, distribution, etc. New Delhi
Date of publication, distribution, etc. 1982
300 ## - PHYSICAL DESCRIPTION
Extent 295
546 ## - LANGUAGE NOTE
Language note ENGLISH
654 ## - SUBJECT ADDED ENTRY--FACETED TOPICAL TERMS
Focus term thryistorised
942 ## - ADDED ENTRY ELEMENTS (KOHA)
Koha item type BOOK
Holdings
Withdrawn status Lost status Damaged status Not for loan Collection Home library Current library Shelving location Date acquired Source of acquisition Cost, normal purchase price Inventory number Total Checkouts Full call number Barcode Date last seen Cost, replacement price Price effective from Koha item type
        CRC Fr. Agnel's C.Rodrigues College of Engineering Fr. Agnel's C.Rodrigues College of Engineering   17/03/2023 Progressive Books 39.00 2005 dt 04/02/92   621.3815 DE 3471 17/03/2023 39.00 04/02/1992 BOOK